000 00464nam a22001697a 4500
005 20251108164300.0
008 250721s1990 xx 000 0 ara d
082 1 4 _a375.001/سلي
100 1 _aالروسان، سليم سلامه
245 1 0 _aتخطيط المنهج و تطويره /
264 1 _aالزرقاء :
_bالمؤلف،
_c1990.
300 _a120ص
650 1 7 _aالتربية
650 1 7 _aالمناهج
942 _2ddc
_cBK
999 _c8294
_d8294